000 01402nam a2200397 c 4500
001 47679
003 ES-MaCES
005 20160530141734.0
008 160520s2016 sp 010 | spa d
017 _aSE 256-2016
_bDL
020 _a9788460858188
040 _aES-MaCES
_bspa
_cES-MaCES
041 0 _aspa
_aeng
_apor
245 0 3 _aLa política y el Derecho del empleo en la nueva sociedad del trabajo
_b: liber amicorum en honor de la profesora Rosa Quesada Segura
_cdirs, José Luis Monereo Pérez, Antonio Márquez Prieto
260 _aSevilla
_bConsejo Andaluz de Relaciones Laborales
_c[2016]
300 _a935 p.
_c24 cm
490 1 _aMonografías de temas laborales
_v56
500 _aTextos en español, inglés y portugués
504 _aBibliografía
541 _cGratuito
650 4 _aempleo
_928299
650 4 _apolítica de empleo
_928300
650 4 _acolocación
_929189
650 4 _afomento del empleo
_930270
650 4 _aprestaciones por desempleo
_927043
650 4 _aderecho del trabajo
_927165
650 4 _aderecho comunitario
_929866
650 4 _aderecho internacional
_926684
650 4 _aEspaña
_926964
653 1 0 _aEmpleo
700 1 _aQuesada Segura, Rosa
_921557
710 2 _aConsejo Andaluz de Relaciones Laborales
_eed.
_92337
830 0 _aMonografías de temas laborales
_v56
_933850
902 _aLIB Libro
942 _2CES
_cBK
_h2.1.
999 _c47679
_d47679